Diari hidup Rasulullah S.A.W

Bibliographic Details
Main Author: Muhammad Abd. Syukur
Format: Book
Published: Selangor : PTS , 2009
Subjects:

MARC

LEADER 00000cam a2200000 7i4500
001 0000031457
005 20120229.0
008 120229
020 |a 983372945 
090 0 0 |a 297.57   |b MUH 
100 1 |a Muhammad Abd. Syukur 
245 1 0 |a Diari hidup Rasulullah S.A.W   |c Muhammad Abd. Syukur 
260 |a Selangor :   |b PTS ,   |c 2009 
650 0 |a Muslims   |x conduct of life 
650 0 |a Religous life   |x Islam 
999 |a 0001141252   |b Book   |c Adult Collection   |e Perbadanan Perpustakaan Awam Johor 
999 |a 0001141253   |b Book   |c Adult Collection   |e Perbadanan Perpustakaan Awam Johor 
999 |a 0001141254   |b Book   |c Adult Collection   |e Perbadanan Perpustakaan Awam Johor